| 000 | 00647nam a22001937a 4500 | ||
|---|---|---|---|
| 999 |
_c158275 _d158275 |
||
| 005 | 20181024131509.0 | ||
| 010 | _aENG-124352 | ||
| 020 |
_a97801990482177 _c675.00 |
||
| 035 | _aEN-107884 | ||
| 037 | _bDBAD/PUB | ||
| 082 | _a320.9540905 | ||
| 100 | _aZoya Hasan | ||
| 245 |
_aAgitation to legislation: _cby Zoya Hasan _bnegotiating equity and justice in india / |
||
| 260 |
_aNew Delhi _bOxford University Press _c2018 |
||
| 270 |
_bNew Delhi _e110002 _a2/11 Ground Floor, Ansari Road, Daryaganj, |
||
| 300 |
_axv,178p _c21cm.(Hb) |
||
| 500 | _aIt includes index and about the authors | ||
| 942 |
_2ddc _cEN _h320.9540905 _mZOY |
||